000 00780nam a2200229 i 4500
001 19230
003 ES-MaACL
005 20250728120314.0
007 t|
008 020704s2001 sp ||||1| spa d
020 _a84-8164-484-6
080 _a1 Hegel, Georg Wilhelm Friedrich
100 1 _aMásmela, Carlos.
_978738
245 1 0 _aHegel
_b: la desgraciada reconciliación del espíritu /
_cCarlos Másmela.
260 _aMadrid :
_bTrotta,
_c[2001]
300 _a186 p. ;
_c23 cm.
490 1 _aColección Estructuras y procesos. Serie Filosofía
600 1 4 _aHegel, Georg Wilhelm Friedrich-
_xCrítica e interpretación.
_962317
830 0 0 _aEstructuras y procesos.
_pFilosofía
_9183056
852 _aES-MaACL
_jL-25664
_bR.131337
999 _c19230
_d19230